Journal of Financial Management of Property and Construction (Record no. 118645)

MARC details
000 -LEADER
fixed length control field 00654cas a22002175a 4500
001 - CONTROL NUMBER
control field ##L467
008 - FIXED-LENGTH DATA ELEMENTS--GENERAL INFORMATION
fixed length control field 070612c1996 xxktr p 0 a0eng
022 1# - INTERNATIONAL STANDARD SERIAL NUMBER
International Standard Serial Number 1363-2175
035 ## - SYSTEM CONTROL NUMBER
System control number (Sirsi) u99081
041 0# - LANGUAGE CODE
Language code of text/sound track or separate title eng
245 00 - TITLE STATEMENT
Title Journal of Financial Management of Property and Construction
260 ## - PUBLICATION, DISTRIBUTION, ETC.
Place of publication, distribution, etc. Newtownabbey
Name of publisher, distributor, etc. University of Ulster
Date of publication, distribution, etc. 1996-
362 ## - DATES OF PUBLICATION AND/OR SEQUENTIAL DESIGNATION
Dates of publication and/or sequential designation 1(2) July 1996-
554 ## -
-- Three per year
651 #4 - SUBJECT ADDED ENTRY--GEOGRAPHIC NAME
Geographic name United Kingdom
Chronological subdivision
690 ## - LOCAL SUBJECT ADDED ENTRY--TOPICAL TERM (OCLC, RLIN)
Topical term or geographic name as entry element Block management
9 (RLIN) 6220
690 ## - LOCAL SUBJECT ADDED ENTRY--TOPICAL TERM (OCLC, RLIN)
Topical term or geographic name as entry element Construction management
9 (RLIN) 6230
856 48 - ELECTRONIC LOCATION AND ACCESS
Uniform Resource Identifier <a href="https://jfmpc.gcal.ac.uk/">https://jfmpc.gcal.ac.uk/</a>
Public note View previous issues on the journal website
942 ## - ADDED ENTRY ELEMENTS (KOHA)
Suppress in OPAC 0
948 ## - LOCAL PROCESSING INFORMATION (OCLC); SERIES PART DESIGNATOR (RLIN)
c (OCLC) 21/07/1997
Holdings
Withdrawn status Lost status Source of classification or shelving scheme Damaged status Not for loan Home library Current library Shelving location Date acquired Total Checkouts Full call number Barcode Date last seen Price effective from Koha item type
    Dewey Decimal Classification     London London Gallery 24/04/2006   JOURNAL OF FINANCIAL MANAGEMENT... 99081-1001 06/08/2019 06/08/2019 Journal